| 000 | 00776cab a2200229 4500 | ||
|---|---|---|---|
| 001 | ABS55059 | ||
| 008 | 090401t1996 xxu||||| |||| 00| 0 eng d | ||
| 035 | _a(Sirsi) u13879 | ||
| 041 | _aeng | ||
| 100 | _aWhitmore, J. | ||
| 245 | _aAgency reform campaign | ||
| 260 | _c1996 | ||
| 350 | _a0 | ||
| 490 |
_aProperty Week _v55(3) 18 April 1996, 20-23(4) |
||
| 520 | _aA review of current letting agency structure, examining client satisfaction, possible changes and the establishment of a fee structure and the work of the Joint Committee for Agency Reform. | ||
| 650 | _aAGENTS FEES | ||
| 650 | _aJOINT COMMITTEE FOR AGENCY REFORM | ||
| 650 | _aPROPERTY AGENTS | ||
| 690 | _aMANAGEMENT-BUSINESS MANAGEMENT-PROFESSIONAL PRACTICE | ||
| 942 | _n0 | ||
| 948 | _c04/03/1997 | ||
| 999 |
_c8963 _d8963 |
||